Дело о назначении на службу, окончившего Дерптский университет доктора медицины К. Рауха

Доступно только в Электронных читальных залах Найти на картеНа карте
RUSMARC
00003939nmc2a2200000 x 450
0018cb6bb80-f1b8-4d44-8f44-fec8eb54fd08
00520151215163306.0
100##$a20150831l18611862k l0rusy0189 ca
1010#$arus
102##$aRU
2001#$aДело о назначении на службу, окончившего Дерптский университет доктора медицины К. Рауха
$j24 января 1861 г. - 6 апреля 1862 г.
251##$cДело
300##$aДело
300##$aОриг. заголовок дела: Дело о выдаче пособия доктору медицины Рауху и об определении его на службу. 24 января 1861 г. - 6 апреля 1862 г
801#0$aRU
$bРГИА
$c20150831
$gRCR
801#1$aRU
$bГлавНИВЦ
$c20150831
$2rusmarc
801#2$aRU
$bПБ им. Б.Н. Ельцина
$c20151215
$gRCR
$2rusmarc
850##$aРГИА
852##$aРГИА
$eФедеральное казенное учреждение "Российский государственный исторический архив" (РГИА)
$j673
937##$hРГИА
$d12091129
$aASBIBLIO_SCAN
462#0$100110dcdccd-ec79-4ee8-a204-b9d031b41c04
$12001
$aМедицинские дела Департамента народного просвещения
$1251
$cОпись
$1852
$j99
461#0$1001a74412a3-3cc5-4d21-8f0a-dfe2fbd9e72d
$12001
$aДепартамент народного просвещения Министерства народного просвещения
$1251
$cФонд
$1852
$j733
215##$a26 л.
$d36,5х26 см
371##$aДокумент не является опубликованным и широко распространяемым
105##$ay###
1222#$ad
5171#$aДело о выдаче пособия доктору медицины Рауху и об определении его на службу. 24 января 1861 г. - 6 апреля 1862 г
035##$a8cb6bb80-f1b8-4d44-8f44-fec8eb54fd08
Формат отображения